1643 1114 1463 1356 1099 1080 1557 1997 1770 1696 1672 1786 1537 1570 1106 1780 1431 1649 1536 1697 1665 1615 1127 1669 1843 1121 1468 1643 1580 1610 1910 1436 1283 1235 1089 1455 1710 1977 1680 1735 1010 1036 1763 1483 1893 1030 1483 1143 1551 1586 1310 1395 1110 1858 1016 1312 1448 1506 1027 1555 1082 1722 1051 1332 1242 1243 1959 1572 1009 1859 1021 1052 1519 1682 1547 1466 1822 1196 1051 1476 1447 1846 1356 1474 1847 1391 1504 1339 1002 1569 1258 1179 1222 1954 1905 1567 1147 1757 1831 BCNSPRNW ULIB Ver.6.0+V

เปลี่ยนเป็นภาษาไทย

Change to English
 แสดงรายละเอียดบรรณานุกรม
  กลับหน้าหลัก

Brief Record : Get Marc (ISO 2709) : E-mail record : QR code < ปิดหน้าต่าง
LEADER : 00000nam 2200000uu 4500
001    13399108665
003     ULIB
008    110311s2551||||th 000 0 tha d
020    9789747403138
060 04 QZ200^bม565ว 2551
100 1  คูชิ, มิชิโอะ
245 10 วิธีรักษามะเร็งด้วยอาหารแม็คโครไบโอติคส์ =^bCancerprevention diet /^cโดย มิชิโอะ คูชิ ร่วมกับ อเล็กซ์ แจ็ค ; แปลโดย สุข์มันตา ปรัชญาปารมิตตา
246 31 Cancer prevention diet
260    กรุงเทพฯ :^bสาระ,^c2551
300    437 หน้า :^bภาพประกอบ ;^c21 ซม.
650  7 สารต้านมะเร็ง
650  7 มะเร็ง^xการรักษา
650  7 เนื้องอก^xการรักษา
650  7 แมคโครไบโอติกส์
650  7 อาหาร, การรักษาด้วยการกำหนด
653    อาหารแม็คโครไบโอติก
700 1  แจ็ค, อเล็กซ์
700 0  สุข์มันตา ปรัชญาปารมิตตา,^eผู้แปล
945    ^p290^l0^i023413
995    ทศพร
999 ^a ใช้งานได้ทุกระบบ
รายการนี้ยังไม่มีแท็ก
คุณยังไม่ได้ล็อกอิน คุณสามารถมีกิจกรรมร่วมกับเว็บไซต์ได้ แต่ต้องล็อกอินก่อน ::
  ล็อกอิน

รายการสื่อสารสนเทศ

ลำดับที่ ประเภท เลขเรียก/บาร์โค้ด สถานที่ สถานะ
- ไม่พบข้อมูล -

รายการใกล้เคียง
    หัวเรื่อง [สารต้านมะเร็ง]
    หัวเรื่อง [มะเร็ง การรักษา]
    หัวเรื่อง [อาหาร, การรักษาด้วยการกำหนด]

BibComment


ยังไม่เคยถูกคอมเมนท์

คอมเมนท์ทรัพยากรรายการนี้
  คอมเมนท์: วิธีรักษามะเร็งด้..


 Copyright 2026. Bcnsprnw @Library